Missing Word: Bon Jovi Quiz Stats

 Plays Quiz Updated Aug 26, 2012

Support Sporcle.
Go Orange.
Score 0/18 Timer 03:00
2 Plays Today
Bon Jovi Song Missing Word % Correct
You Give ____ a Bad NameLove
98.5%
Livin' on a ______Prayer
96%
______ Dead or AliveWanted
93.8%
I'll be _____ for YouThere
89.3%
It's My ____Life
87.1%
Have a ____ DayNice
77.2%
Blaze of ____Glory
76.1%
Who Says You Can't Go ____Home
72.3%
Bed of ____Roses
69.8%
Bon Jovi Song Missing Word % Correct
This Ain't a Love ____Song
67.6%
Keep the _____Faith
60.9%
Bad ________Medicine
59%
Never Say _______Goodbye
48.6%
____ CarsFast
40.7%
We Weren't Born to ______Follow
38.8%
Live ______ You DieBefore
36.9%
One ____ NightWild
29%
_____ NowHappy
11.8%

Today's Daily Dose

Word Ladder
Math Aid

Get the Picture
Warrior Women

You're not logged in!

Compare scores with friends on all Sporcle quizzes.
OR
Log In
Forgot?

From the Vault

African Capitals Armageddon!

by geshmonkey

Geography 60s
Don't expect Ben Affleck to be much help here.
Remove Ads.
Support Sporcle.
Get the best of Sporcle when you Go Orange. This ad-free experience offers more features, more stats, and more fun while also helping to support Sporcle. Thank you for becoming a member.

Show Comments

Extras

Top Quizzes Today


Score Distribution

Your Account Isn't Verified!

In order to create a playlist on Sporcle, you need to verify the email address you used during registration. Go to your Sporcle Settings to finish the process.

Report this User

Report this user for behavior that violates our Community Guidelines.

Details: